| 000 | 00563nam a2200193 i 4500 | ||
|---|---|---|---|
| 001 | 26141 | ||
| 003 | ES-MaACL | ||
| 005 | 20240320182721.0 | ||
| 007 | t| | ||
| 008 | 030107s1952 sp ||||1| spa d | ||
| 100 | 1 |
_aAroca, Joaquín. _923131 |
|
| 245 | 1 | 0 |
_aCómo se pesca el barbo / _cJoaquín Aroca ; Prólogo de Jaime de Foxá. |
| 250 | _a1ª ed. | ||
| 260 |
_aMadrid : _bGelpi, _c1952 ( _fSèz) |
||
| 300 |
_a187 p. ; _c18 cm. |
||
| 700 | 1 |
_aFoxá, Jaime de, _d1913-1976 _952035 |
|
| 852 |
_aES-MaACL _jD-8800 _bR.33164 |
||
| 999 |
_c26141 _d26141 |
||